| 000 | 00505nam a2200205Ia 4500 | ||
|---|---|---|---|
| 003 | GCL | ||
| 008 | 140319s9999 xx 000 0 eng d | ||
| 040 |
_aGCL / _cGCL |
||
| 082 | 0 | 4 |
_a759 _bB R |
| 100 | 1 | _aBREAL, AUGUSTE | |
| 245 | 1 | 0 |
_aREMBRANDT: A CRITICAL ESSAY / _cBREAL, AUGUSTE |
| 260 |
_a[S.N] : _bDUCKWORTH & CO. ، _c1902 |
||
| 300 | _a168 P | ||
| 650 | 0 | 4 | _aREMBRANDT |
| 650 | 0 | 4 | _aPACKAGING |
| 650 | 0 | 4 | _aARTS |
| 650 | 0 | 4 | _aHISTORY AND CRITICISM |
| 650 | 0 | 4 | _aPAINTERS |
| 942 |
_2ddc _cBK |
||
| 999 |
_c19600 _d19600 |
||